<?xml version="1.0" encoding="UTF-8"?>
<record
    xmlns:xsi="http://www.w3.org/2001/XMLSchema-instance"
    xsi:schemaLocation="http://www.loc.gov/MARC21/slim http://www.loc.gov/standards/marcxml/schema/MARC21slim.xsd"
    xmlns="http://www.loc.gov/MARC21/slim">

  <leader>02051nam a22003497i 4500</leader>
  <controlfield tag="003">DO-SdBNP</controlfield>
  <controlfield tag="005">20230628092110.0</controlfield>
  <controlfield tag="007">ta</controlfield>
  <controlfield tag="008">211125b2019       a|||e |||| 001 0 spa d</controlfield>
  <datafield tag="040" ind1=" " ind2=" ">
    <subfield code="a">DO-SdBNP</subfield>
    <subfield code="b">spa</subfield>
    <subfield code="c">BNPHU</subfield>
    <subfield code="e">rda</subfield>
  </datafield>
  <datafield tag="082" ind1="4" ind2=" ">
    <subfield code="a">343.0946</subfield>
    <subfield code="b">I597m</subfield>
    <subfield code="2">22</subfield>
  </datafield>
  <datafield tag="110" ind1="1" ind2="0">
    <subfield code="a">Instituto Universitario de Tr&#xE1;fico y  Seguridad Vial de la Universidad de Valencia</subfield>
    <subfield code="9">78744</subfield>
  </datafield>
  <datafield tag="245" ind1="1" ind2="0">
    <subfield code="a">Manual de conducci&#xF3;n y seguridad vial  :  </subfield>
    <subfield code="b">licencia categor&#xED;a 03 y 04, conocimientos espec&#xED;ficos para la conducci&#xF3;n profesional de veh&#xED;culos pesados  </subfield>
  </datafield>
  <datafield tag="264" ind1=" " ind2=" ">
    <subfield code="a">[Santo Domingo] :</subfield>
    <subfield code="b">INTRANT,</subfield>
    <subfield code="c">2019.</subfield>
  </datafield>
  <datafield tag="300" ind1=" " ind2=" ">
    <subfield code="a">83 paginas :</subfield>
    <subfield code="b">ilustraciones. ; </subfield>
    <subfield code="c">21 cm</subfield>
  </datafield>
  <datafield tag="336" ind1=" " ind2=" ">
    <subfield code="2">rdacontent</subfield>
    <subfield code="a">texto</subfield>
    <subfield code="b">txt</subfield>
  </datafield>
  <datafield tag="337" ind1=" " ind2=" ">
    <subfield code="2">rdamedia</subfield>
    <subfield code="a">sin mediaci&#xF3;n </subfield>
    <subfield code="b">n</subfield>
  </datafield>
  <datafield tag="338" ind1=" " ind2=" ">
    <subfield code="2">rdacarrier</subfield>
    <subfield code="a">volumen</subfield>
    <subfield code="b">nc</subfield>
  </datafield>
  <datafield tag="505" ind1=" " ind2=" ">
    <subfield code="a">Parte 1. Requisitos para la conducci&#xF3;n profesional de veh&#xED;culos pesados.</subfield>
    <subfield code="t">1.1. Requisitos previos --</subfield>
    <subfield code="t">1.2. Veh&#xED;culo que autoriza a conducir la categor&#xED;a  03 y 04  de licencias para la conducci&#xF3;n --</subfield>
    <subfield code="t">1.3. La licencia de conducir de categor&#xED;a 03 y 04 --</subfield>
  </datafield>
  <datafield tag="505" ind1=" " ind2=" ">
    <subfield code="a">Parte 2. El veh&#xED;culo.</subfield>
    <subfield code="t">2.1. Estructura del veh&#xED;culo --</subfield>
    <subfield code="t">2.2 Competentes del veh&#xED;culo --</subfield>
    <subfield code="t">2.3. Elementos de seguridad --</subfield>
  </datafield>
  <datafield tag="505" ind1=" " ind2=" ">
    <subfield code="a">Parte 3. La conducci&#xF3;n.</subfield>
    <subfield code="t">3.1. Manejo b&#xE1;sico del veh&#xED;culo --</subfield>
    <subfield code="t">3.2. Situaci&#xF3;n especiales --</subfield>
    <subfield code="t">3.3 T&#xE9;cnicas de conducci&#xF3;n --</subfield>
  </datafield>
  <datafield tag="505" ind1=" " ind2=" ">
    <subfield code="a">Parte 4. Reglas de conducci&#xF3;n espec&#xED;ficas :  infracci&#xF3;nes y sanciones.</subfield>
    <subfield code="t">4.1. Alcoholemia -- </subfield>
    <subfield code="t">4.2. Velocidad --</subfield>
    <subfield code="t">4.3. Distancia de seguimiento --</subfield>
    <subfield code="t">4.5. Giros --</subfield>
    <subfield code="t">4.6.Circulaci&#xF3;n --</subfield>
    <subfield code="t">4.7. Especificaciones del transporte de pasajeros y carga --</subfield>
  </datafield>
  <datafield tag="590" ind1=" " ind2=" ">
    <subfield code="a">Inventariado, 2021 / SA</subfield>
  </datafield>
  <datafield tag="650" ind1="4" ind2=" ">
    <subfield code="a">Seguridad del tr&#xE1;nsito </subfield>
    <subfield code="v">Manuales </subfield>
    <subfield code="z">Rep&#xFA;blica Dominicana. </subfield>
    <subfield code="9">80739</subfield>
  </datafield>
  <datafield tag="650" ind1="4" ind2=" ">
    <subfield code="a">Conducci&#xF3;n </subfield>
    <subfield code="x">Veh&#xED;culos pesados</subfield>
    <subfield code="9">80756</subfield>
  </datafield>
  <datafield tag="650" ind1="4" ind2=" ">
    <subfield code="a">Seguridad vial</subfield>
    <subfield code="x">Ense&#xF1;anza.</subfield>
    <subfield code="9">80740</subfield>
  </datafield>
  <datafield tag="650" ind1="4" ind2=" ">
    <subfield code="a">Conducci&#xF3;n de autom&#xF3;viles </subfield>
    <subfield code="x">Manuales</subfield>
    <subfield code="9">35961</subfield>
  </datafield>
  <datafield tag="650" ind1="4" ind2=" ">
    <subfield code="a">Reglamentos de tr&#xE1;nsito </subfield>
    <subfield code="z">Rep&#xFA;blica Dominicana </subfield>
    <subfield code="9">77295</subfield>
  </datafield>
  <datafield tag="700" ind1="1" ind2=" ">
    <subfield code="a">Velarte, Jose Luis</subfield>
    <subfield code="e">Colaborador</subfield>
    <subfield code="9">80755</subfield>
  </datafield>
  <datafield tag="910" ind1=" " ind2=" ">
    <subfield code="a">Saquino</subfield>
  </datafield>
  <datafield tag="942" ind1=" " ind2=" ">
    <subfield code="2">ddc</subfield>
    <subfield code="c">LBS1</subfield>
  </datafield>
  <datafield tag="952" ind1=" " ind2=" ">
    <subfield code="0">0</subfield>
    <subfield code="1">0</subfield>
    <subfield code="2">ddc</subfield>
    <subfield code="5">1</subfield>
    <subfield code="7">0</subfield>
    <subfield code="8">MO</subfield>
    <subfield code="a">BNPHU</subfield>
    <subfield code="b">PD</subfield>
    <subfield code="c">CT</subfield>
    <subfield code="d">2020-01-20</subfield>
    <subfield code="e">Deposito Legal</subfield>
    <subfield code="l">0</subfield>
    <subfield code="o">BNPHU PD 343.0946  I597m</subfield>
    <subfield code="p">2021-28342</subfield>
    <subfield code="r">2021-11-25</subfield>
    <subfield code="w">2021-11-25</subfield>
    <subfield code="y">LBS1</subfield>
    <subfield code="z">S/A</subfield>
  </datafield>
  <datafield tag="952" ind1=" " ind2=" ">
    <subfield code="0">0</subfield>
    <subfield code="1">0</subfield>
    <subfield code="2">ddc</subfield>
    <subfield code="5">1</subfield>
    <subfield code="7">0</subfield>
    <subfield code="8">MO</subfield>
    <subfield code="a">BNPHU</subfield>
    <subfield code="b">PD</subfield>
    <subfield code="c">CT</subfield>
    <subfield code="d">2020-01-20</subfield>
    <subfield code="e">Deposito Legal</subfield>
    <subfield code="l">0</subfield>
    <subfield code="o">BNPHU PD  343.0946 I597m</subfield>
    <subfield code="p">2021-28343</subfield>
    <subfield code="r">2021-11-25</subfield>
    <subfield code="t">e.2</subfield>
    <subfield code="w">2021-11-25</subfield>
    <subfield code="y">LBS1</subfield>
    <subfield code="z">S/A</subfield>
  </datafield>
  <datafield tag="952" ind1=" " ind2=" ">
    <subfield code="0">0</subfield>
    <subfield code="1">0</subfield>
    <subfield code="2">ddc</subfield>
    <subfield code="5">6</subfield>
    <subfield code="7">0</subfield>
    <subfield code="8">DS</subfield>
    <subfield code="a">BNPHU</subfield>
    <subfield code="b">BNPHU</subfield>
    <subfield code="c">CT</subfield>
    <subfield code="d">2023-06-28</subfield>
    <subfield code="l">0</subfield>
    <subfield code="o">BNPHU DS 343.0946 I597m</subfield>
    <subfield code="p">2023-2838</subfield>
    <subfield code="r">2023-06-28</subfield>
    <subfield code="t">e.3</subfield>
    <subfield code="w">2023-06-28</subfield>
    <subfield code="y">LBS1</subfield>
  </datafield>
  <datafield tag="999" ind1=" " ind2=" ">
    <subfield code="c">51042</subfield>
    <subfield code="d">51042</subfield>
  </datafield>
</record>
